00329nam a22001337a 4500003000500000005001700005008004100022040000600063082001500069100001700084245004100101260004400142300000900186NUST20180213040349.0180213b ||||| |||| 00| 0 eng d a0 a792.028092 4Nigel Havers aPlaying with Firebthe autobiography aLondonbHeadline publishing Groupc2006 a309p